000 00792nam a2200205Ia 4500
005 20241216011217.0
008 190429s9999||||xx |||||||||||||| ||und||
082 _a370.153
_bM515
100 _aMAMANI OSCO FRANCISCO CRISTINA
245 0 _aAUTOESTIMA Y SU RELACION CON EL RENDIMIENTO ACADEMICO DE LOS ESTUDIANTES DEL TERCER CICLO DE LA CARRERA PROFESIONAL DE OBSTETRICIA DE LA UNIVERSIDAD NACIONAL DE SAN ANTONIO DE ABAD DEL CUSCO 2012
250 _a0
260 _aCERRO DE PASCO-PERU
_bUNDAC
_c2013
300 _a80 pag.
_c30 cm.
341 _h0
490 _v0
_a0
505 _aPROBLEMA DE INVESTIGACION, MARCO TEORICO, METODOLOGIA Y TECNICAS DE INVESTIGACION, RESULTADOS Y DISCUSION
541 _aD
_bMAMANI OSCO FRANCISCA C.
_d19-Aug-16
_oSoles
650 _a6DNSP
942 _cTESIS
999 _c35630
_d35630